Movies Quiz

Random Movies or Song Quiz

Singin' in the Movies Quiz Stats

 Plays Quiz Updated Jan 16, 2015

Score 0/24 Timer 09:00
0 Plays Today
% Correct
Mary Poppins
96.8%
The Jungle Book
94.6%
Top Gun
92.9%
Wayne's World
91.4%
Back to the Future
90.6%
Dumb & Dumber
90.2%
The Sound of Music
88.7%
Gremlins
85.8%
Mean Girls
83.9%
Juno
83.4%
Ferris Bueller's Day Off
82.6%
Walk the Line
80.4%
% Correct
Sweeney Todd: The Demon Barber of Fleet Street
74%
Armageddon
70.6%
Enchanted
67.2%
O Brother, Where Art Thou?
66.4%
10 Things I Hate About You
66.2%
Casablanca
65%
Young Frankenstein
61%
This Is Spinal Tap
56.5%
Some Like It Hot
55.9%
Almost Famous
55.1%
Breakfast at Tiffany's
54.7%
Dreamgirls
53.5%

You're not logged in!

Compare scores with friends on all Sporcle quizzes.
OR
Log In

Show Comments

Extras

Top Quizzes Today


Score Distribution

Your Account Isn't Verified!

In order to create a playlist on Sporcle, you need to verify the email address you used during registration. Go to your Sporcle Settings to finish the process.

Report this User

Report this user for behavior that violates our Community Guidelines.

Details: